People on US Bank Notes - Statistics

General Stats
  • This quiz has been taken 49 times
  • The average score is 9 of 12
Answer Stats
Picture Answer % Correct
Abraham Lincoln
100%
George Washington
100%
Benjamin Franklin
92%
Andrew Jackson
89%
Ulysses S. Grant
86%
Thomas Jefferson
83%
Alexander Hamilton
78%
Woodrow Wilson
78%
Grover Cleveland
67%
William McKinley
61%
James Madison
47%
Salmon P. Chase
25%
No matching quizzes found
Score Distribution
Percent of People with Each Score
Percentile by Number Answered
Your Score History
You have not taken this quiz